Pollock & Mulla : The Indian Contract & Specific Relief Acts, 16th Ed.Vol.I : The Indian Contract Act, 1872 Sections 1 to 72 (Record no. 18852)
[ view plain ]
| 000 -LEADER | |
|---|---|
| fixed length control field | 00541nam a2200169Ia 4500 |
| 008 - FIXED-LENGTH DATA ELEMENTS--GENERAL INFORMATION | |
| fixed length control field | 221030s9999 xx 000 0 und d |
| 020 ## - INTERNATIONAL STANDARD BOOK NUMBER | |
| ISBN | 9789388548472 |
| 041 ## - LANGUAGE CODE | |
| Language code of text/sound track or separate title | |
| 100 ## - MAIN ENTRY--AUTHOR NAME | |
| Personal name | R. Y. Vardhan |
| 245 #0 - TITLE STATEMENT | |
| Title | Pollock & Mulla : The Indian Contract & Specific Relief Acts, 16th Ed.Vol.I : The Indian Contract Act, 1872 Sections 1 to 72 |
| Statement of responsibility, etc | by R. Y. Vardhan, C. Narayan |
| 250 ## - EDITION STATEMENT | |
| Edition statement | 16th |
| 260 ## - PUBLICATION, DISTRIBUTION, ETC. (IMPRINT) | |
| Name of publisher | Lexis Nexis |
| Place of publication | Gurgaon |
| Year of publication | 2022 |
| 300 ## - PHYSICAL DESCRIPTION | |
| Number of Pages | 1131 |
| 650 ## - SUBJECT ADDED ENTRY--TOPICAL TERM | |
| Topical Term | Contract & Specific Relief Act |
| 700 ## - ADDED ENTRY--PERSONAL NAME | |
| Personal name | C. Narayan |
| 942 ## - ADDED ENTRY ELEMENTS (KOHA) | |
| Koha item type | Books |
| Accession Number | Cost, normal purchase price | Bill Date | Source of acquisition | Price effective from | Koha item type | Withdrawn / writtenoff status | Materials specified (bound volume or other part) | Damaged status | Not for loan | Permanent Location | Current Location | Shelving location | Date acquired | Lost/ Missing status | department |
|---|---|---|---|---|---|---|---|---|---|---|---|---|---|---|---|
| LLB 87 | 4995.00 | 14 | RKB | 10/30/2022 | Books | Not For Loan | MIET Library, Jammu | MIET Library, Jammu | BL-, FL-, CUP-181, SH-3, R-3 | 04/29/2022 | BBA LLB | ||||
| LLB 89 | 4995.00 | 14 | RKB | 10/30/2022 | Books | Not For Loan | MIET Library, Jammu | MIET Library, Jammu | BL-, FL-, CUP-181, SH-3, R-3 | 04/29/2022 | BBA LLB |